[Event "St Petersburg Korchnoi Memorial op"]
[Site "St Petersburg"]
[Date "2019.08.22"]
[Round "9"]
[White "Siva, Mahadevan"]
[Black "Nikitin, Sergey E"]
[Result "1-0"]
[WhiteElo "2270"]
[BlackElo "2074"]
[PlyCount "87"]
[EventDate "2019.08.14"]
[EventType "swiss"]
[EventRounds "9"]
[EventCountry "RUS"]
[SourceTitle "CBM 192"]
[Source "ChessBase"]
[SourceDate "2019.10.31"]
[SourceVersion "1"]
[SourceVersionDate "2019.10.31"]
[SourceQuality "1"]

1. e4 c6 2. d4 d5 3. e5 Bf5 4. Nf3 e6 5. Be2 Nd7 6. 0-0 Ne7 7. Nh4 c5 8. dxc5 Be4 9. Nc3 Nc6 10. Nxe4 dxe4 11. g3 Bxc5 12. Bb5 g5 13. Bxc6 bxc6 14. Ng2 Nxe5 15. Qe2 Nf3+ 16. Kh1 Qd5 17. Ne3 Bxe3 18. Bxe3 Qf5 19. Kg2 Qg4 20. Qc4 Nh4+ 21. Kg1 Rc8 22. f4 Nf3+ 23. Kg2 Qh5 24. h3 gxf4 25. Bxf4 Qf5 26. Bd6 Qd5 27. Qa6 Rd8 28. Bb4 Qb5 29. Qxb5 cxb5 30. a4 Nd4 31. Rfc1 Rg8 32. axb5 Ne2 33. Re1 Nxg3 34. Rxa7 Nf5+ 35. Kh2 Rg3 36. Rxe4 Rc8 37. c4 h5 38. Bc3 Rd8 39. b6 Rf3 40. b7 Ne7 41. Ra8 Nc6 42. Ba5 Rf2+ 43. Kg3 Rxb2 44. Bxd8 1-0

[Event "Chigorin Memorial 26th"]
[Site "St Petersburg"]
[Date "2018.11.03"]
[Round "8"]
[White "Vasilyev, Alexey1"]
[Black "Nikitin, Sergey E"]
[Result "0-1"]
[WhiteElo "1995"]
[BlackElo "2230"]
[PlyCount "58"]
[EventDate "2018.10.27"]
[EventType "swiss"]
[EventRounds "9"]
[EventCountry "RUS"]
[SourceTitle "CBM 187 Extra"]
[Source "ChessBase"]
[SourceDate "2018.11.04"]
[SourceVersion "1"]
[SourceVersionDate "2018.11.04"]
[SourceQuality "1"]

1. e4 c5 2. Nf3 Nf6 3. Nc3 d5 4. exd5 Nxd5 5. Bc4 e6 6. 0-0 Nc6 7. d4 Nxc3 8. bxc3 Be7 9. Qe2 0-0 10. Bb2 Qc7 11. Nd2 Rd8 12. Nb3 b6 13. Rad1 Bb7 14. Rfe1 Bd6 15. h3 Ne7 16. dxc5 bxc5 17. Bd3 c4 18. Bxc4 Ng6 19. Bc1 Nh4 20. f3 Bh2+ 21. Kh1 Nf5 22. Rxd8+ Rxd8 23. f4 Ng3+ 24. Kxh2 Nxe2 25. Bxe2 Qxc3 26. Bd2 Rxd2 27. Nxd2 Qxd2 28. Rd1 Qxf4+ 29. Kh1 g5 0-1

[Event "Chigorin Memorial 26th"]
[Site "St Petersburg"]
[Date "2018.10.28"]
[Round "2"]
[White "Nikitin, Sergey E"]
[Black "Sengupta, Deep"]
[Result "0-1"]
[WhiteElo "2230"]
[BlackElo "2557"]
[PlyCount "76"]
[EventDate "2018.10.27"]
[EventType "swiss"]
[EventRounds "9"]
[EventCountry "RUS"]
[SourceTitle "CBM 187 Extra"]
[Source "ChessBase"]
[SourceDate "2018.11.04"]
[SourceVersion "1"]
[SourceVersionDate "2018.11.04"]
[SourceQuality "1"]

1. e4 e5 2. Nf3 Nc6 3. Bc4 Bc5 4. Nc3 Nf6 5. d3 h6 6. 0-0 0-0 7. h3 Re8 8. a3 a6 9. b4 Ba7 10. Nd5 d6 11. Be3 Nxd5 12. Bxd5 Ne7 13. Bb3 Ng6 14. Qd2 Qf6 15. Kh2 c6 16. Bxa7 Rxa7 17. Qe3 Ra8 18. g3 Be6 19. Bxe6 Qxe6 20. Qb6 Re7 21. Ne1 f5 22. exf5 Qxf5 23. Ng2 Rf8 24. Rae1 Ref7 25. a4 Qd7 26. c4 Rf3 27. d4 Rd3 28. Re4 Kh7 29. dxe5 Nxe5 30. Ne1 Rc3 31. f4 Qf5 32. Re2 Qh5 33. Re4 Qg6 34. Re2 Qxg3+ 35. Kh1 Qxh3+ 36. Kg1 Rg3+ 37. Rg2 Ng4 38. Rff2 Re8 0-1

[Event "Chigorin Memorial 25th"]
[Site "St Petersburg"]
[Date "2017.10.29"]
[Round "9"]
[White "Doshi, Moksh Amitbhai"]
[Black "Nikitin, Sergey E"]
[Result "1-0"]
[WhiteElo "2222"]
[BlackElo "1923"]
[PlyCount "145"]
[EventDate "2017.10.21"]
[EventType "swiss"]
[EventRounds "9"]
[EventCountry "RUS"]
[SourceTitle "CBM 181 Extra"]
[Source "ChessBase"]
[SourceDate "2017.12.12"]
[SourceVersion "1"]
[SourceVersionDate "2017.12.12"]
[SourceQuality "1"]

1. b3 d5 2. Bb2 e6 3. e3 Nf6 4. f4 c5 5. Nf3 a6 6. Bd3 Nc6 7. 0-0 b5 8. Nc3 Bd6 9. a4 b4 10. Ne2 Bb7 11. Ng3 Qe7 12. Ne5 Qc7 13. Ng4 Be7 14. Nxf6+ Bxf6 15. Bxf6 gxf6 16. f5 Ke7 17. Qh5 Ne5 18. Qh4 Raf8 19. Be2 Nd7 20. d4 cxd4 21. Qxd4 Qc5 22. a5 Rc8 23. Qd2 Qc3 24. Rfd1 Rc5 25. Ra4 Qxd2 26. Rxd2 Bc6 27. Rxb4 Rxa5 28. c4 Rb8 29. Rxb8 Nxb8 30. Bd3 h6 31. Kf2 Ra3 32. Rb2 Nd7 33. fxe6 fxe6 34. Nf1 dxc4 35. Bxc4 Ne5 36. Be2 Bb5 37. Nd2 f5 38. Rc2 Bxe2 39. Kxe2 a5 40. Rc5 Ng4 41. h3 Nf6 42. Rc7+ Ke8 43. Kd3 Nd7 44. Kc3 Ra2 45. Ra7 Nb6 46. e4 a4 47. Ra6 Nd7 48. Rxe6+ Kf7 49. exf5 axb3 50. Rxh6 Rc2+ 51. Kd3 Ne5+ 52. Ke3 b2 53. Rh7+ Kf6 54. Rb7 Kxf5 55. g4+ Kg6 56. Rb6+ Kg7 57. Rb4 Kh6 58. Rb5 Nc4+ 59. Nxc4 Rxc4 60. Kf3 Rc2 61. Kg3 Kg6 62. Rb6+ Kg7 63. Kh4 Kh7 64. Kh5 Kg7 65. h4 Rd2 66. g5 Rh2 67. Rb7+ Kf8 68. g6 Kg8 69. Kg5 Kh8 70. h5 Kg8 71. Rb8+ Kg7 72. h6+ Rxh6 73. Rb7+ 1-0

[Event "Chigorin Memorial 25th"]
[Site "St Petersburg"]
[Date "2017.10.23"]
[Round "3"]
[White "Nikitin, Sergey E"]
[Black "Khodko, Yurii N"]
[Result "1-0"]
[WhiteElo "1923"]
[BlackElo "1583"]
[PlyCount "49"]
[EventDate "2017.10.21"]
[EventType "swiss"]
[EventRounds "9"]
[EventCountry "RUS"]
[SourceTitle "CBM 181 Extra"]
[Source "ChessBase"]
[SourceDate "2017.12.12"]
[SourceVersion "1"]
[SourceVersionDate "2017.12.12"]
[SourceQuality "1"]

1. e4 e6 2. d4 d5 3. Nd2 c5 4. exd5 Qxd5 5. Ngf3 cxd4 6. Bc4 Qd6 7. Nb3 Qb4+ 8. Nbd2 Nc6 9. a3 Qb6 10. b4 Be7 11. Bb2 Bf6 12. 0-0 Bd7 13. Ne4 Ne5 14. Nxe5 Bxe5 15. Nc5 0-0-0 16. Qh5 f6 17. f4 Bb8 18. Qf7 Nh6 19. Nxd7 Rxd7 20. Qxe6 Kd8 21. Qxb6+ axb6 22. Rad1 Re8 23. Bb5 Nf5 24. Bxd7 Kxd7 25. Bxd4 1-0

[Event "St Petersburg Summer op"]
[Site "St Petersburg"]
[Date "2017.08.22"]
[Round "7"]
[White "Nakhodkin, Gennadiy"]
[Black "Nikitin, Sergey E"]
[Result "1/2-1/2"]
[WhiteElo "2001"]
[BlackElo "1827"]
[PlyCount "96"]
[EventDate "2017.08.16"]
[EventType "swiss"]
[EventRounds "9"]
[EventCountry "RUS"]
[SourceTitle "CBM 180 Extra"]
[Source "ChessBase"]
[SourceDate "2017.10.06"]
[SourceVersion "1"]
[SourceVersionDate "2017.10.06"]
[SourceQuality "1"]

1. d4 d5 2. Bf4 Nf6 3. e3 e6 4. Nd2 Bd6 5. Bg3 0-0 6. Ngf3 b6 7. Bd3 Bb7 8. 0-0 Ne4 9. Bxd6 cxd6 10. c4 Nxd2 11. Nxd2 dxc4 12. Bxc4 Nd7 13. Be2 Nf6 14. Bf3 Bxf3 15. Qxf3 d5 16. Qe2 Qd7 17. a4 Rac8 18. Nf3 Qc6 19. Ne5 Qc2 20. Qxc2 Rxc2 21. b4 a6 22. f3 Rfc8 23. b5 a5 24. Nc6 Kf8 25. Rfc1 Rxc1+ 26. Rxc1 Ne8 27. Kf2 Nd6 28. Ke2 f6 29. Kd3 Nc4 30. Rc2 Na3 31. Re2 Nc4 32. e4 Re8 33. g4 Kf7 34. h4 h6 35. e5 g6 36. f4 f5 37. gxf5 gxf5 38. Rg2 h5 39. Rg5 Rh8 40. Na7 Nb2+ 41. Kc2 Nc4 42. Kd3 Nb2+ 43. Kc2 Nc4 44. Rg3 Rg8 45. Rxg8 Kxg8 46. Nc6 Kf7 47. Kd3 Ke8 48. Nb8 Kd8 1/2-1/2